35 Best Footballers of All Time - Statistics

General Stats
  • This quiz has been taken 633 times
  • The average score is 26 of 35
Answer Stats
Answer % Correct
Cristiano Ronaldo
98%
Ronaldo Nazario
98%
Lionel Messi
97%
Pele
95%
Diego Maradona
94%
Gerd Muller
90%
Johan Cruyff
90%
Zinedine Zidane
89%
Luka Modric
87%
Andres Iniesta
86%
Gareth Bale
86%
Paolo Maldini
86%
Thierry Henry
86%
Xavi Hernandez
86%
Ronaldinho
84%
Ferenc Puskas
83%
George Best
80%
Franz Beckenbauer
78%
Eusebio
77%
Lev Yashin
75%
Kaka
73%
Marco van Basten
73%
Alfredo Di Stefano
72%
Ruud Gullit
69%
Manuel Neuer
68%
Sir Bobby Charlton
66%
Rivaldo
64%
Michel Platini
63%
Garrincha
54%
Franco Baresi
50%
Romario
45%
Roberto Baggio
40%
Lothar Matthaus
37%
Sir Stanley Matthews
27%
Carlos Alberto
22%
No matching quizzes found
Score Distribution
Percent of People with Each Score
Percentile by Number Answered
Your Score History
You have not taken this quiz